| 000 | 00462nam a22001937a 4500 | ||
|---|---|---|---|
| 003 | OST | ||
| 005 | 20230413163915.0 | ||
| 008 | 230413b |||||||| |||| 00| 0 eng d | ||
| 020 | _a9789998059184 | ||
| 040 | _cBT-PHCST | ||
| 050 | _aD4495 | ||
| 082 |
_222 _a808.3 _bKAR |
||
| 100 | _aKarma Yangdon | ||
| 245 | _aBorn of agony and ecstasy / | ||
| 250 | _a1st ed. | ||
| 260 |
_aBhutan, _bBICMA _cc2022 |
||
| 300 |
_av, 185 p. : _bill. ; _c18 cm. |
||
| 942 |
_2ddc _cF |
||
| 999 |
_c9558 _d9558 |
||